Normal view
MARC view
Entry Personal Name
001 - CONTROL NUMBER
- control field: 16110
003 - CONTROL NUMBER IDENTIFIER
- control field: HDC
005 - DATE AND TIME OF LATEST TRANSACTION
- control field: 20230624073456.0
008 - FIXED-LENGTH DATA ELEMENTS
- fixed length control field: 210220|| aca||aabn | a|a d
040 ## - CATALOGING SOURCE
- Original cataloging agency: HDC
- Transcribing agency: HDC
100 ## - HEADING--PERSONAL NAME
- Personal name: Mohammed A. Khan
670 ## - SOURCE DATA FOUND
- Source citation: Work cat.: (HDC): Mohammed A. Khan author, USA: How Halal Exports Boost the US Economy / by, 2012
